00958nam a2200217 u 450000100100000000500170001000800410002704000250006808200240009310000350011724501680015226000720032030000280039250000630042050000310048365000420051465000640055665100460062065000290066670000450069500000264820250702113508.0090703s2004 dr a 000 0 spa d aDO-SdBNPbspacBNPHU a382.71097293bR696z1 aRodríguez, María Elizabeth10aLas zonas francas en el siglo XXI :bopciones estratégicas para competir globalmente /cMaría Elizabeth Rodríguez ; prólogo Frederic Emam-Zadé Gerardino. aSanto Domingo :bFundación Global Democracia y Desarrollo,c2004. a175 p. :bil. ;c24 cm. aIncluye datos biográficos del autor en la contracubierta aBibliografía: p. 121-130 4aZonas francaszRepública Dominicana 4aZonas industriales de exportaciónzRepública Dominicana 4aRepública DominicanaxComercio Exterior 0a Competencia económica12aGerardino, Frederic emam-Zadéepról.